000 00332nam a2200133Ia 4500
008 150201s2010 xx 000 0 und d
082 _a611
_bN10C
100 _aCROSSMAN,AR
245 _aNEUROANATOMY: AN ILLUSTRATED COLOUR TEXT
250 _a4TH
260 _bELSEVIER
_aDELHI
_c2010
650 _aHUMAN ANATOMY
942 _2ddc
_cBK
_06
999 _c1103
_d1103